| 000 | 01546nam a22002297a 4500 | ||
|---|---|---|---|
| 005 | 20251202101420.0 | ||
| 008 | 251202b |||||||| |||| 00| 0 eng d | ||
| 020 | _a9789332543539 | ||
| 040 | _cAL | ||
| 041 | _aeng | ||
| 082 |
_a321.3815 _bKOTD |
||
| 100 |
_aKothari D P _9247233 |
||
| 245 | _aDigital circuits and design | ||
| 260 |
_bPearson _c2016 |
||
| 300 |
_axxv,1031p _bPB _c23x17cm |
||
| 365 |
_2Electronic Communication Engineering _aABDI/0821/25 _b600.00 _c₹ _d800.00 _e25% _f12-09-2025 |
||
| 520 | _aThis student friendly, practical and example-driven book gives students a solid foundation in the basics of digital circuits and design. The fundamental concepts of digital electronics such as analog/digital signals and waveforms, digital information and digital integrated circuits are discussed in detail using relevant pedagogy Features 1. Extensive coverage on: Counters such as Hybrid, Decade and Presetable Edge Triggered Flip Flops Hardware Description Languages Design of Arithmetic Logic Unit 2. Exclusive chapter on Logic Description Using VHDL 3. Includes topics such as synchronous/asynchronous mode circuits, pulse mode, sequential circuits, VHDL 7 segment decoder, VHDL code converters, etc 4. Additional solve the examples and reading material available online 5. Excellent pedagogy 300+ Solved Questions 600+ Unsolved Questions 250+ MCQs 35+ VHDL Programs | ||
| 650 |
_aNumber System _9247234 |
||
| 650 |
_aDigital Logic _9247235 |
||
| 700 |
_aDhillon, J S _9247236 |
||
| 942 |
_2ddc _cBK |
||
| 999 |
_c240692 _d240692 |
||